Southville International School and Colleges
Your cart is empty.
  • Cart
  • Lists
    Public lists Eva Luna New books Lux_list list_1
    Your lists Log in to create your own lists
  • Log in to your account
  • Your cookies
  • Search history
Southville International School and Colleges
  • Advanced search
  • Recent comments
  • Most popular
  • Libraries

Log in to your account

Log in with GOOGLE


If you do not have an external account, but do have a local account, you can still log in:

  1. Home
  2. MARC view: Male and female relationship acquired through modern communication technology :
Normal view MARC view ISBD view

Male and female relationship acquired through modern communication technology : (Record no. 96853)

[ view plain ]
MARC details
000 -LEADER
fixed length control field 00884nam a2200205 a 4500
003 - CONTROL NUMBER IDENTIFIER
control field 0
005 - DATE AND TIME OF LATEST TRANSACTION
control field 20250426110334.0
008 - FIXED-LENGTH DATA ELEMENTS--GENERAL INFORMATION
fixed length control field 970114s19uu xx 00 eng d
050 ## - LIBRARY OF CONGRESS CALL NUMBER
Classification number PGS HM 741.7.M6
Item number .D332 2003
100 ## - MAIN ENTRY--PERSONAL NAME
Personal name Dela Cruz, Michael John C.
245 ## - TITLE STATEMENT
Title Male and female relationship acquired through modern communication technology :
Remainder of title as perceived by fourth year students of Southville International School SY 2002-2003 /
Statement of responsibility, etc Michael John C. Dela Cruz.
260 ## - PUBLICATION, DISTRIBUTION, ETC. (IMPRINT)
Place of publication, distribution, etc Las Piñas City, Philippines :
Name of publisher, distributor, etc Southville International School and Colleges,
Date of publication, distribution, etc 2003.
300 ## - PHYSICAL DESCRIPTION
Extent 24 pages :
Other physical details illustrations ;
Dimensions 28 cm.
504 ## - BIBLIOGRAPHY, ETC. NOTE
Bibliography, etc Includes bibliographical references.
650 ## - SUBJECT ADDED ENTRY--TOPICAL TERM
Topical term or geographic name as entry element Interpersonal relations
Form subdivision Social aspects.
650 ## - SUBJECT ADDED ENTRY--TOPICAL TERM
Topical term or geographic name as entry element Gender relations.
650 ## - SUBJECT ADDED ENTRY--TOPICAL TERM
Topical term or geographic name as entry element Social media
Form subdivision Social aspects.
650 ## - SUBJECT ADDED ENTRY--TOPICAL TERM
Topical term or geographic name as entry element Mobile communication systems
Form subdivision Social aspects.
942 ## - ADDED ENTRY ELEMENTS (KOHA)
Source of classification or shelving scheme Library of Congress Classification
Koha item type PASS
Holdings
Withdrawn status Lost status Source of classification or shelving scheme Damaged status Home library Current library Shelving location Date acquired Source of acquisition Total Checkouts Full call number Barcode Date last seen Price effective from Koha item type
    Library of Congress Classification   Luxembourg Library Luxembourg Library Portfolio Assessment of SISC Students Section 05/19/2003 Donation   PGS HM 741.7.M6 .D332 2003 P0849 04/08/2014 04/08/2014 PASS

Male and female relationship acquired through modern communication technology :

APA

Dela Cruz M. J. C., . (2003). Male and female relationship acquired through modern communication technology. Las Piñas City, Philippines: Southville International School and Colleges.

Chicago

Dela Cruz Michael John C, . 2003. Male and female relationship acquired through modern communication technology. Las Piñas City, Philippines: Southville International School and Colleges.

Harvard

Dela Cruz M. J. C., . (2003). Male and female relationship acquired through modern communication technology. Las Piñas City, Philippines: Southville International School and Colleges.

MLA

Dela Cruz Michael John C, . Male and female relationship acquired through modern communication technology. Las Piñas City, Philippines: Southville International School and Colleges. 2003.

  • Print
  • Cite
  • Add to your cart (remove)
  • Save record
    BIBTEX Dublin Core MARCXML MARC (non-Unicode/MARC-8) MARC (Unicode/UTF-8) MARC (Unicode/UTF-8, Standard) MODS (XML) RIS
  • More searches
    Search for this title in:
    Other Libraries (WorldCat) Other Databases (Google Scholar) Online Stores (Bookfinder.com) Open Library (openlibrary.org)

Exporting to Dublin Core...

SOUTHVILLE LIBRARY

Southville International School and Colleges Library

1281 Tropical Ave. Cor. Luxembourg St., BF Homes International, Las Pinas City

Tel. No. 8256374 / 252358 Loc. 117/146

Powered by Koha